00667cam a22002173a 45000010005000000030006000050050017000110080041000280400015000690420007000840500007000911000052000982450090001502600029002405060030002695160020002996530038003196530023003578300028003808560041004081565PGUSA20140828083003.0060219s2006||||xxu|||||s|||||000 1 eng d aPGUSAbeng adc 4aPR1 aLytton, Edward Bulwer Lytton, Baron,d1803-187314aThe Last Days of Pompeiih[electronic resource] /cEdward Bulwer Lytton, Baron Lytton bProject Gutenberg,c2006 aPublic domain in the USA. aElectronic text aPompeii (Extinct city) -- Fiction aHistorical fiction 0aProject Gutenbergv156540uhttp://www.gutenberg.org/ebooks/1565